|
|
|
|
| LEADER |
01560nam a2200301 a 4500 |
| 001 |
00022388 |
| 008 |
110425s2011 bg a b 000 0 eng |
| 020 |
|
|
|a 9789848946039
|
| 040 |
|
|
|a BD-DhAAL
|c BD-DhAAL
|
| 082 |
0 |
0 |
|a 330.9/549/205
|2 22
|
| 245 |
0 |
0 |
|a State of the Bangladesh economy in 2009-10 and outlook for 2010-11.
|
| 260 |
|
|
|a Dhaka :
|b Centre for Policy Dialogue,
|c c2011.
|
| 300 |
|
|
|a 207 p. :
|b ill. ;
|c 28 cm.
|
| 490 |
0 |
|
|i ndependent review of Bangladesh's development (IRBD) series.
|
| 500 |
|
|
|a Includes statistical tables.
|
| 504 |
|
|
|a Includes bibliographical references.
|
| 541 |
|
|
|e 00022388
|
| 650 |
|
0 |
|a Budget
|z Bangladesh
|v Periodicals.
|
| 651 |
|
0 |
|a Bangladesh
|x Economic conditions
|y 21st century.
|
| 651 |
|
0 |
|a Bangladesh
|x Economic conditions
|y 21st century
|v Statistics.
|
| 651 |
|
0 |
|a Bangladesh
|x Economic policy
|y 21st century.
|
| 651 |
|
0 |
|a Bangladesh
|x Economic policy
|y 21st century
|v Statistics.
|
| 710 |
2 |
|
|a Centre for Policy Dialogue (Bangladesh)
|
| 852 |
4 |
|
|a Ayesha Abed Library
|j General shelf
|
| 999 |
|
|
|c 10763
|d 10763
|
| 952 |
|
|
|0 0
|1 0
|2 ddc
|4 0
|6 330_954920500000000_STA
|7 0
|9 16191
|a BRACUL
|b BRACUL
|c GEN
|d 2011-04-25
|l 0
|o 330.9549205 STA
|p 3010022388
|r 2011-04-25
|t 2
|w 2011-04-25
|y BK
|
| 952 |
|
|
|0 0
|1 0
|2 ddc
|4 0
|6 330_900000000000000_549_205_STA
|7 0
|9 16192
|a BRACUL
|b BRACUL
|c GEN
|d 2011-04-25
|e CPD
|g 375.00
|l 0
|o 330.9549205 STA
|p 3010022387
|r 2011-04-25
|t 1
|w 2011-04-25
|y BK
|
| 952 |
|
|
|0 0
|1 0
|2 ddc
|4 0
|6 330_900000000000000_549_205_STA
|7 0
|9 16193
|a BRACUL
|b BRACUL
|c GEN
|d 2011-04-25
|e CPD
|g 375.00
|l 0
|o 330.9549205 STA
|p 3010022389
|r 2011-04-25
|t 3
|w 2011-04-25
|y BK
|